Statistics for Cities and Knights of Catan improvements

Click here to take the quiz!

General Stats

  • This quiz has been taken 3 times
  • The average score is 5 of 15

Answer Stats

LevelCity improvement% Correct
3rdAqueduct
100%
4thCathedral
50%
2ndChurch
50%
5thGreat exchange
50%
2ndLibrary
50%
1stMarket
50%
3rdMerchant Guild
50%
4thTheatre
50%
5thUniversity
50%
1stAbbey
0%
4thBank
0%
3rdFortress
0%
5thHigh assembly
0%
1stTown hall
0%
2ndTrading house
0%

Score Distribution

Percentile by Number Answered

Percent of People with Each Score

Your Score History

You have not taken this quiz